[Event "49th Rilton Cup 2019-20"]
[Site "Stockholm"]
[Date "2020.01.03"]
[Round "7.7"]
[White "Pantzar, Milton"]
[Black "Hillarp Persson, Tiger"]
[Result "1/2-1/2"]
[WhiteElo "2410"]
[BlackElo "2537"]
[Annotator "ChessBase"]
[PlyCount "118"]
[EventDate "2019.12.27"]
[EventType "swiss"]
[EventCountry "SWE"]
[SourceTitle "playchess.com"]
[Source "ChessBase"]
[SourceQuality "1"]
[TimeControl "40/5400+30:1800+30"]

1. d4 {[%emt 0:00:00]} d6 {[%emt 0:00:00]} 2. c4 {[%emt 0:01:39]} e5 {[%emt 0:00:10]} 3. d5 {[%emt 0:00:57]} a5 {[%emt 0:01:14]} 4. Nc3 {[%emt 0:02:56]} g6 {[%emt 0:10:40]} 5. e4 {[%emt 0:01:23]} Na6 {[%emt 0:03:07]} 6. Be3 {[%emt 0:07:34]} h5 {[%emt 0:15:55]} 7. Nf3 {[%emt 0:13:00]} Bh6 {[%emt 0:05:38]} 8. Bxh6 {[%emt 0:05:52]} Nxh6 {[%emt 0:00:08]} 9. a3 {[%emt 0:05:47]} Bd7 {[%emt 0:06:01]} 10. Rb1 {[%emt 0:03:42]} Nc5 {[%emt 0:12:53]} 11. b4 {[%emt 0:01:53]} axb4 {[%emt 0:00:09]} 12. axb4 {[%emt 0:00:06]} Na4 {[%emt 0:00:06]} 13. Nxa4 {[%emt 0:03:38]} Rxa4 {[%emt 0:00:09]} 14. Be2 {[%emt 0:02:24]} O-O {[%emt 0:03:44]} 15. O-O {[%emt 0:02:13]} Qe7 {[%emt 0:01:27]} 16. c5 {[%emt 0:15:10]} Rfa8 {[%emt 0:01:55]} 17. cxd6 {[%emt 0:03:52]} cxd6 {[%emt 0:04:39]} 18. Qc1 {[%emt 0:03:14]} Ng4 {[%emt 0:13:18]} 19. Qc7 {[%emt 0:00:39]} Nf6 {[%emt 0:00:44]} 20. Bb5 {[%emt 0:11:24]} Ra2 {[%emt 0:00:52]} 21. Rfc1 {[%emt 0:01:27]} Kg7 {[%emt 0:08:17]} 22. h3 {[%emt 0:03:25]} R8a7 {[%emt 0:03:27]} 23. Bxd7 {[%emt 0:05:05]} Nxd7 {[%emt 0:00:20]} 24. Qc8 {[%emt 0:01:03]} b5 {[%emt 0:03:34]} 25. Rc7 {[%emt 0:00:21]} Nb6 {[%emt 0:00:42]} 26. Rxe7 {[%emt 0:01:43]} Nxc8 {[%emt 0:00:07]} 27. Rxa7 {[%emt 0:00:14]} Rxa7 {[%emt 0:00:16]} 28. Rc1 {[%emt 0:00:25]} Ne7 {[%emt 0:01:02]} 29. h4 {[%emt 0:01:42]} f6 {[%emt 0:00:08]} 30. Kf1 {[%emt 0:00:46]} Kf7 {[%emt 0:00:22]} 31. Ng1 {[%emt 0:00:28]} Ra4 {[%emt 0:00:36]} 32. Rb1 {[%emt 0:00:41]} f5 {[%emt 0:00:56]} 33. f3 {[%emt 0:00:06]} fxe4 {[%emt 0:02:54]} 34. fxe4 {[%emt 0:00:05]} Ng8 {[%emt 0:00:07]} 35. Nf3 {[%emt 0:00:09]} Nf6 {[%emt 0:00:07]} 36. Ng5+ {[%emt 0:00:07]} Ke7 {[%emt 0:00:07]} 37. Rb3 {[%emt 0:01:46]} Ng4 {[%emt 0:01:31]} 38. Rc3 {[%emt 0:01:19]} Rxb4 {[%emt 0:00:26]} 39. Rc7+ {[%emt 0:00:04]} Ke8 {[%emt 0:00:16]} 40. Rg7 {[%emt 0:01:06]} Nf6 {[%emt 0:00:52]} 41. Rxg6 {[%emt 0:04:29]} Nxe4 {[%emt 0:00:14]} 42. Nxe4 {[%emt 0:00:17]} Rxe4 {[%emt 0:00:09]} 43. Rxd6 {[%emt 0:00:05]} Rxh4 {[%emt 0:00:28]} 44. Re6+ {[%emt 0:06:11]} Kd7 {[%emt 0:00:09]} 45. Rxe5 {[%emt 0:00:05]} Kd6 {[%emt 0:03:51]} 46. Rf5 {[%emt 0:01:46]} b4 {[%emt 0:13:51]} 47. Ke2 {[%emt 0:03:10]} Kc5 {[%emt 0:00:57]} 48. Ke3 {[%emt 0:07:07]} Rh1 {[%emt 0:09:04]} 49. Kd2 {[%emt 0:02:03]} Rh2 {[%emt 0:00:28]} 50. Rg5 {[%emt 0:01:10]} Rh4 {[%emt 0:01:04]} 51. Kc2 {[%emt 0:01:26]} Kc4 {[%emt 0:03:16]} 52. d6 {[%emt 0:01:37]} b3+ {[%emt 0:00:59]} 53. Kb2 {[%emt 0:00:26]} Rd4 {[%emt 0:00:08]} 54. Rxh5 {[%emt 0:00:31]} Rd2+ {[%emt 0:00:28]} 55. Kb1 {[%emt 0:00:10]} Rxd6 {[%emt 0:00:12]} 56. Rh4+ {[%emt 0:00:54]} Kc3 {[%emt 0:00:20]} 57. Rh3+ {[%emt 0:00:07]} Kb4 {[%emt 0:00:08]} 58. g4 {[%emt 0:01:26]} Rd1+ {[%emt 0:00:34]} 59. Kb2 {[%emt 0:00:06]} Rd2+ {[%emt 0:00:57]} 1/2-1/2

[Event "49th Rilton Cup 2019-20"]
[Site "Stockholm"]
[Date "2020.01.03"]
[Round "7.8"]
[White "Dhulipalla Bala Chandra Prasad"]
[Black "Ionov, Sergey"]
[Result "1/2-1/2"]
[WhiteElo "2414"]
[BlackElo "2521"]
[Annotator "TA"]
[PlyCount "210"]
[EventDate "2019.12.27"]
[EventType "swiss"]
[EventCountry "SWE"]
[SourceTitle "playchess.com"]
[Source "ChessBase"]
[SourceQuality "1"]

{[%evp 11,210,32,14,4,29,29,30,34,35,24,22,25,8,0,0,-24,0,0,0,0,0,-10,44,40,50,52,56,-42,-32,-33,-25,-24,-19,-23,-16,-23,-25,-27,-17,-50,-50,-50,-50,-50,-44,-72,0,-18,4,0,19,19,19,18,20,21,5,0,0,0,0,0,30,30,79,79,79,79,79,79,79,77,88,88,88,88,88,86,87,79,79,79,101,101,101,79,101,101,101,101,101,101,101,104,105,105,105,105,105,0,105,0,105,105,105,105,105,105,105,105,105,105,105,105,105,105,105,105,105,105,105,105,105,105,105,105,105,105,105,105,105,105,105,105,105,105,105,105,105,105,105,105,105,105,105,0,105,0,105,0,105,105,105,89,89,89,89,89,89,68,105,105,105,87,87,87,87,87,112,112,112,112,112,112,112,112,112,112,112,112,112,112,112,112,112,112,112,112,112,112,112,0,112,0,112,0,112,0,112,0,112]} 1. d4 Nf6 2. c4 e6 3. g3 d5 4. Nf3 dxc4 5. Bg2 a6 6. O-O Nc6 7. Nbd2 {E04: Open Catalan: 5 Nf3} Nxd4 (7... b5 8. b3 Rb8 9. Bb2 cxb3 10. Nxb3 Be7 11. Rc1 Bb7 12. Ne1 Na7 13. Bxb7 Rxb7 14. Nd3 O-O {½-½ (41) Vidit,S (2722)-Nakamura,H (2741) Kolkata 2019}) 8. Nxc4 Bc5 9. Nxd4 {White has an edge.} Qxd4 10. Qc2 {[#] Strongly threatening Be3.} Nd5 11. e3 $146 ({Predecessor:} 11. Bd2 O-O 12. a3 Be7 13. Rfd1 Qc5 14. Rac1 Qb5 {½-½ (49) Keijzer,R (2151)-Holec,M ICCF email 2011}) 11... Qf6 12. a3 O-O 13. Rb1 Qe7 14. b4 Ba7 15. Bb2 Bd7 16. Rfd1 Rfc8 (16... Rad8 $11) 17. Ne5 $1 $14 {[%cal Re5d7]} Be8 18. Be4 h6 19. Bxd5 ({White has to play} 19. Rxd5 $1 $14 exd5 20. Bxd5) 19... exd5 $15 20. Rxd5 Rd8 21. Rbd1 Rxd5 22. Rxd5 Rd8 23. Qd1 Rxd5 24. Qxd5 c6 25. Qe4 f6 26. Qc4+ Kh8 27. Nd3 Bf7 28. Qg4 {[#]} Kh7 (28... Bxe3 $1 $17 {[%mdl 512]} 29. Qe2 {[%mdl 64] Pin} (29. Qc8+ Kh7 $17) (29. fxe3 Qxe3+) 29... Bc5) 29. Bd4 Bb8 (29... h5 {is interesting.} 30. Qf4 Qd7 31. Ne1 Kg8 32. Qe4 Bxd4 33. Qxd4 Qxd4 34. exd4 Bc4) 30. Nc5 Bd6 31. Qe4+ Qxe4 32. Nxe4 $11 {[%mdl 4096] Endgame KBB-KBN} Be7 33. Bc5 f5 34. f4 fxe4 35. Bxe7 {KB-KB} h5 36. Kg2 Kg6 37. Kh3 Be6+ 38. Kh4 Kf7 39. Bc5 g6 40. Bb6 Bd7 41. Kg5 Bh3 42. a4 {[%cal Ba3a4,Ba4a5][%mdl 32]} Be6 43. a5 Bf5 44. Bc5 Be6 45. Bd4 Bf5 46. Kh4 Bd7 47. h3 Be6 48. Bc5 Bc8 49. g4 hxg4 50. hxg4 Bd7 51. Kg5 Be6 52. Bd4 c5 53. Bxc5 Bd7 54. Bd4 Be6 55. Bc5 Bd7 56. Bd4 Be6 $1 57. f5 gxf5 58. gxf5 Bc4 59. Kf4 Bd3 60. Ke5 Ke7 61. Kd5 Kf7 62. Kd6 Bb5 63. Ke5 Bd3 64. Kd5 Ke7 65. Bc3 Kf7 66. Kc5 Bb5 67. Kd6 Ba4 68. Kd5 Bc2 69. Ke5 Bd3 70. Be1 Ke7 71. Bh4+ Kf7 72. Kd6 Bb5 73. Kd5 Bd3 74. Ke5 Bc2 75. Bd8 Bd3 76. Bb6 Ke7 77. Bc5+ Kf7 78. Bd4 Ke7 79. Kd5 Kf7 80. Kd6 Bb5 81. Kc7 Bc6 82. Kb6 Ke7 83. Be5 Kf7 84. Bb2 Ke7 85. Kc5 Bb5 86. Kd5 Bd3 87. b5 axb5 88. Kc5 b4 89. Kxb4 Kf7 90. Kc5 Ke7 91. Kd5 Kf7 92. Ke5 Ke7 93. Bc3 Kf7 94. Be1 Ke7 95. Bh4+ Kf7 96. Kd5 Bc2 97. Kc5 Bd3 98. Bg5 Ba6 99. Kb6 Ke8 100. Bh4 Kf7 101. Kc5 Bd3 $1 102. Kd5 Bc2 103. Kc5 {Hoping for Kb6.} Bd3 104. Kd5 Bc2 105. Kc5 {Threatens to win with Kb6.} Bd3 {Accuracy: White = 66%, Black = 72%.} 1/2-1/2

[Event "49th Rilton Cup 2019-20"]
[Site "Stockholm"]
[Date "2020.01.03"]
[Round "7.9"]
[White "Rathanvel, V S"]
[Black "Blomqvist, Erik"]
[Result "1-0"]
[WhiteElo "2411"]
[BlackElo "2537"]
[Annotator "ChessBase"]
[PlyCount "81"]
[EventDate "2019.12.27"]
[EventType "swiss"]
[EventCountry "SWE"]
[SourceTitle "playchess.com"]
[Source "ChessBase"]
[SourceQuality "1"]
[TimeControl "40/5400+30:1800+30"]

1. e4 {[%emt 0:00:00]} c5 {[%emt 0:00:00]} 2. Nf3 {[%emt 0:00:00]} d6 {[%emt 0:00:00]} 3. d4 {[%emt 0:00:12]} cxd4 {[%emt 0:00:00]} 4. Nxd4 {[%emt 0:00:07]} Nf6 {[%emt 0:00:00]} 5. Nc3 {[%emt 0:00:06]} Nc6 {[%emt 0:00:02]} 6. Bg5 {[%emt 0:00:32]} e6 {[%emt 0:00:09]} 7. Qd2 {[%emt 0:00:08]} a6 {[%emt 0:00:08]} 8. O-O-O {[%emt 0:00:33]} Bd7 {[%emt 0:00:22]} 9. f3 {[%emt 0:00:09]} Nxd4 {[%emt 0:01:02]} 10. Qxd4 {[%emt 0:00:15]} Be7 {[%emt 0:01:24]} 11. Kb1 {[%emt 0:06:50]} b5 {[%emt 0:02:14]} 12. h4 {[%emt 0:06:12]} Qc7 {[%emt 0:00:54]} 13. h5 {[%emt 0:16:43]} h6 {[%emt 0:05:28]} 14. Bh4 {[%emt 0:03:12]} Qb7 {[%emt 0:13:42]} 15. g4 {[%emt 0:12:36]} b4 {[%emt 0:11:27]} 16. Ne2 {[%emt 0:01:34]} Rc8 {[%emt 0:00:56]} 17. Qd2 {[%emt 0:15:32]} a5 {[%emt 0:08:31]} 18. g5 {[%emt 0:02:22]} hxg5 {[%emt 0:02:18]} 19. Bxg5 {[%emt 0:00:20]} Nxe4 {[%emt 0:10:52]} 20. fxe4 {[%emt 0:00:05]} Bxg5 {[%emt 0:00:08]} 21. Qxd6 {[%emt 0:25:32]} Ba4 {[%emt 0:08:35]} 22. Nd4 {[%emt 0:01:21]} Bxc2+ {[%emt 0:03:22]} 23. Nxc2 {[%emt 0:00:06]} Rd8 {[%emt 0:00:13]} 24. Ba6 {[%emt 0:00:10]} Rxd6 {[%emt 0:06:35]} 25. Bxb7 {[%emt 0:00:07]} Rxh5 {[%emt 0:00:07]} 26. Rhg1 {[%emt 0:03:55]} Bf4 {[%emt 0:02:55]} 27. Rxd6 {[%emt 0:01:56]} Bxd6 {[%emt 0:00:01]} 28. Rd1 {[%emt 0:01:02]} Ke7 {[%emt 0:02:16]} 29. Nd4 {[%emt 0:00:28]} Bc7 {[%emt 0:07:12]} 30. Nc6+ {[%emt 0:00:56]} Ke8 {[%emt 0:00:24]} 31. e5 {[%emt 0:01:18]} Rh2 {[%emt 0:00:58]} 32. Ba6 {[%emt 0:00:36]} g5 {[%emt 0:00:25]} 33. Rg1 {[%emt 0:00:51]} a4 {[%emt 0:04:11]} 34. Bb5 {[%emt 0:00:33]} a3 {[%emt 0:00:23]} 35. Nxb4+ {[%emt 0:00:37]} Kf8 {[%emt 0:00:09]} 36. bxa3 {[%emt 0:00:20]} Bxe5 {[%emt 0:00:04]} 37. Rxg5 {[%emt 0:00:30]} f5 {[%emt 0:02:59]} 38. Nd3 {[%emt 0:00:29]} Bc3 {[%emt 0:00:14]} 39. Bc4 {[%emt 0:00:26]} Ke7 {[%emt 0:00:26]} 40. Rg6 {[%emt 0:00:31]} Bf6 {[%emt 0:00:15]} 41. a4 {[%emt 0:09:39]} 1-0

[Event "49th Rilton Cup 2019-20"]
[Site "Stockholm"]
[Date "2020.01.03"]
[Round "7.10"]
[White "Spyropoulos, Nikolaos"]
[Black "Hauge, Lars Oskar"]
[Result "0-1"]
[WhiteElo "2401"]
[BlackElo "2504"]
[Annotator "ChessBase"]
[PlyCount "50"]
[EventDate "2019.12.27"]
[EventType "swiss"]
[EventCountry "SWE"]
[SourceTitle "playchess.com"]
[Source "ChessBase"]
[SourceQuality "1"]
[TimeControl "40/5400+30:1800+30"]

1. e4 {[%emt 0:00:58]} c5 {[%emt 0:00:10]} 2. Nf3 {[%emt 0:00:30]} Nc6 {[%emt 0:00:30]} 3. d4 {[%emt 0:00:30]} cxd4 {[%emt 0:00:30]} 4. Nxd4 {[%emt 0:00:30]} e5 {[%emt 0:00:30]} 5. Nb5 {[%emt 0:00:30]} a6 {[%emt 0:01:32]} 6. Nd6+ {[%emt 0:00:00]} Bxd6 {[%emt 0:00:30]} 7. Qxd6 {[%emt 0:00:00]} Qf6 {[%emt 0:00:00]} 8. Qd1 {[%emt 0:12:21]} Qg6 {[%emt 0:00:00]} 9. Nc3 {[%emt 0:04:29]} d5 {[%emt 0:00:42]} 10. Nxd5 {[%emt 0:13:15]} Qxe4+ {[%emt 0:00:07]} 11. Be2 {[%emt 0:05:17]} Nd4 {[%emt 0:00:13]} 12. Nc7+ {[%emt 0:17:33]} Ke7 {[%emt 0:00:42]} 13. Nxa8 {[%emt 0:06:23]} Qxg2 {[%emt 0:02:40]} 14. Rf1 {[%emt 0:00:19]} Bf5 {[%emt 0:00:40]} 15. Be3 {[%emt 0:03:36]} Nxc2+ {[%emt 0:02:06]} 16. Kd2 {[%emt 0:00:07]} Qd5+ {[%emt 0:01:49]} 17. Kc1 {[%emt 0:00:07]} Nxe3 {[%emt 0:00:02]} 18. fxe3 {[%emt 0:03:53]} Qc5+ {[%emt 0:15:47]} 19. Kd2 {[%emt 0:00:05]} Qb4+ {[%emt 0:06:11]} 20. Kc1 {[%emt 0:00:06]} Nh6 {[%emt 0:00:50]} 21. Rxf5 {[%emt 0:21:57]} Nxf5 {[%emt 0:01:42]} 22. Qc2 {[%emt 0:00:13]} Qe1+ {[%emt 0:17:28]} 23. Bd1 {[%emt 0:00:07]} Nxe3 {[%emt 0:00:31]} 24. Qc5+ {[%emt 0:03:13]} Ke6 {[%emt 0:03:24]} 25. Nc7+ {[%emt 0:00:49]} Kd7 {[%emt 0:00:04]} 0-1

[Event "49th Rilton Cup 2019-20"]
[Site "Stockholm"]
[Date "2020.01.03"]
[Round "7.11"]
[White "Lokander, Martin"]
[Black "Oratovsky, Michael"]
[Result "1/2-1/2"]
[WhiteElo "2397"]
[BlackElo "2423"]
[Annotator "NA"]
[PlyCount "106"]
[EventDate "2019.12.27"]
[EventType "swiss"]
[EventCountry "SWE"]
[SourceTitle "playchess.com"]
[Source "ChessBase"]
[SourceQuality "1"]
[TimeControl "40/5400+30:1800+30"]

1. d4 {[%emt 0:00:00]} d6 {[%emt 0:00:00]} 2. e4 {[%emt 0:01:24]} Nf6 {[%emt 0:00:00]} 3. Nc3 {[%emt 0:00:12]} e5 {[%emt 0:04:17]} 4. Nf3 {[%emt 0:00:31]} Nbd7 {[%emt 0:00:38]} 5. Bc4 {[%emt 0:00:32]} Be7 {[%emt 0:00:23]} 6. O-O {[%emt 0:03:13]} O-O {[%emt 0:01:52]} 7. Re1 {[%emt 0:00:26]} c6 {[%emt 0:01:29]} 8. a4 {[%emt 0:00:17]} exd4 {[%emt 0:01:26]} 9. Qxd4 {[%emt 0:00:54]} Ne5 {[%emt 0:03:52]} 10. Nxe5 {[%emt 0:02:38]} dxe5 {[%emt 0:01:28]} 11. Qxe5 {[%emt 0:03:10]} Ng4 {[%emt 0:03:31]} 12. Qf4 {[%emt 0:00:39]} Bd6 {[%emt 0:00:11]} 13. e5 {[%emt 0:36:53]} Nxe5 {[%emt 0:00:17]} 14. Rd1 {[%emt 0:04:47]} Nxc4 {[%emt 0:17:38]} 15. Qxc4 {[%emt 0:00:20]} Qc7 {[%emt 0:03:10]} 16. Qh4 {[%emt 0:01:03]} Bf5 {[%emt 0:03:51]} 17. Be3 {[%emt 0:00:14]} Bxc2 {[%emt 0:04:28]} 18. Rdc1 {[%emt 0:00:52]} Bd3 {[%emt 0:32:12]} 19. Nb5 {[%emt 0:02:49]} Bxh2+ {[%emt 0:04:31]} 20. Qxh2 {[%emt 0:01:32]} Qxh2+ {[%emt 0:00:05]} 21. Kxh2 {[%emt 0:00:02]} cxb5 {[%emt 0:00:07]} 22. Rc3 {[%emt 0:03:13]} Be2 {[%emt 0:01:22]} 23. axb5 {[%emt 0:02:12]} Bxb5 {[%emt 0:00:25]} 24. Rxa7 {[%emt 0:00:07]} Bc6 {[%emt 0:01:47]} 25. Rxa8 {[%emt 0:00:32]} Rxa8 {[%emt 0:00:03]} 26. Ra3 {[%emt 0:00:21]} Re8 {[%emt 0:03:36]} 27. Bb6 {[%emt 0:00:56]} f6 {[%emt 0:03:49]} 28. Re3 {[%emt 0:00:16]} Ra8 {[%emt 0:00:41]} 29. Ra3 {[%emt 0:00:47]} Re8 {[%emt 0:02:22]} 30. Re3 {[%emt 0:00:11]} Ra8 {[%emt 0:00:12]} 31. Ra3 {[%emt 0:00:03]} Rc8 {[%emt 0:00:06]} 32. Rd3 {[%emt 0:00:07]} Be8 {[%emt 0:00:41]} 33. Rc3 {[%emt 0:00:31]} Ra8 {[%emt 0:02:51]} 34. Ra3 {[%emt 0:00:06]} Rb8 {[%emt 0:01:47]} 35. Rd3 {[%emt 0:00:02]} Rc8 {[%emt 0:00:50]} 36. Rc3 {[%emt 0:00:12]} Rxc3 {[%emt 0:00:16]} 37. bxc3 {[%emt 0:00:03]} Kf7 {[%emt 0:00:07]} 38. f4 {[%emt 0:00:36]} Ke6 {[%emt 0:00:40]} 39. Bc5 {[%emt 0:00:07]} h5 {[%emt 0:01:43]} 40. Bf8 {[%emt 0:00:14]} Kf7 {[%emt 0:00:05]} 41. Bc5 {[%emt 0:30:04]} Bc6 {[%emt 0:30:36]} 42. g3 {[%emt 0:00:18]} b5 {[%emt 0:00:14]} 43. Kg1 {[%emt 0:00:08]} Ke6 {[%emt 0:00:50]} 44. Bf8 {[%emt 0:00:24]} Kf7 {[%emt 0:00:46]} 45. Bc5 {[%emt 0:00:04]} g6 {[%emt 0:00:05]} 46. Kf2 {[%emt 0:00:54]} Ke6 {[%emt 0:00:09]} 47. Ke3 {[%emt 0:00:19]} Kf5 {[%emt 0:00:13]} 48. Be7 {[%emt 0:00:11]} Kg4 {[%emt 0:01:37]} 49. Kf2 {[%emt 0:00:03]} Kf5 {[%emt 0:00:37]} 50. Ke3 {[%emt 0:00:03]} g5 {[%emt 0:00:14]} 51. fxg5 {[%emt 0:00:03]} fxg5 {[%emt 0:00:04]} 52. Kf2 {[%emt 0:00:11]} Kg4 {[%emt 0:00:12]} 53. Bd8 {[%emt 0:00:13]} h4 {[%emt 0:00:37]} 1/2-1/2

[Event "49th Rilton Cup 2019-20"]
[Site "Stockholm"]
[Date "2020.01.03"]
[Round "7.12"]
[White "Kaasen, Tor Fredrik"]
[Black "Savanovic, Aleksandar"]
[Result "1-0"]
[WhiteElo "2385"]
[BlackElo "2420"]
[Annotator "NA"]
[PlyCount "107"]
[EventDate "2019.12.27"]
[EventType "swiss"]
[EventCountry "SWE"]
[SourceTitle "playchess.com"]
[Source "ChessBase"]
[SourceQuality "1"]
[TimeControl "40/5400+30:1800+30"]

1. e4 {[%emt 0:04:31]} e5 {[%emt 0:00:00]} 2. Nf3 {[%emt 0:00:53]} Nc6 {[%emt 0:00:00]} 3. Bb5 {[%emt 0:00:23]} a6 {[%emt 0:00:00]} 4. Ba4 {[%emt 0:00:09]} Nf6 {[%emt 0:00:00]} 5. O-O {[%emt 0:00:25]} Nxe4 6. d4 {[%emt 0:01:09]} b5 {[%emt 0:00:29]} 7. Bb3 {[%emt 0:00:08]} d5 {[%emt 0:00:29]} 8. dxe5 {[%emt 0:00:35]} Be6 {[%emt 0:00:09]} 9. c3 {[%emt 0:03:29]} Be7 {[%emt 0:00:21]} 10. Be3 {[%emt 0:02:12]} O-O {[%emt 0:01:06]} 11. Nbd2 {[%emt 0:00:51]} Bg4 {[%emt 0:01:27]} 12. Bf4 {[%emt 0:11:07]} Nc5 {[%emt 0:16:33]} 13. Bc2 {[%emt 0:02:32]} d4 {[%emt 0:09:20]} 14. h3 {[%emt 0:07:19]} Bh5 {[%emt 0:01:20]} 15. Re1 {[%emt 0:03:10]} dxc3 {[%emt 0:01:31]} 16. bxc3 {[%emt 0:00:34]} Nd3 {[%emt 0:01:05]} 17. Bxd3 {[%emt 0:10:27]} Qxd3 {[%emt 0:00:08]} 18. Nb3 {[%emt 0:06:43]} Rad8 {[%emt 0:08:22]} 19. Qxd3 {[%emt 0:02:57]} Rxd3 {[%emt 0:00:11]} 20. Nfd4 {[%emt 0:00:23]} Rxc3 {[%emt 0:12:31]} 21. Rac1 {[%emt 0:02:36]} Nxd4 {[%emt 0:06:16]} 22. Rxc3 {[%emt 0:11:00]} Bb4 {[%emt 0:00:11]} 23. Rcc1 {[%emt 0:00:55]} Nxb3 {[%emt 0:10:42]} 24. axb3 {[%emt 0:00:23]} Bxe1 {[%emt 0:00:05]} 25. Rxe1 {[%emt 0:00:05]} c5 {[%emt 0:00:10]} 26. Ra1 {[%emt 0:05:55]} Ra8 {[%emt 0:01:52]} 27. Be3 {[%emt 0:00:51]} c4 {[%emt 0:00:10]} 28. bxc4 {[%emt 0:00:29]} bxc4 {[%emt 0:00:30]} 29. g4 {[%emt 0:05:25]} Bg6 {[%emt 0:00:06]} 30. f4 {[%emt 0:00:11]} Be4 {[%emt 0:02:36]} 31. Ra4 {[%emt 0:02:18]} Bd3 {[%emt 0:03:26]} 32. Kf2 {[%emt 0:01:05]} g6 {[%emt 0:03:14]} 33. Bd4 {[%emt 0:02:27]} Kf8 {[%emt 0:01:23]} 34. Ke3 {[%emt 0:00:21]} Ke7 {[%emt 0:00:07]} 35. Rb4 {[%emt 0:00:46]} Bf1 {[%emt 0:11:35]} 36. Rb7+ {[%emt 0:00:51]} Ke8 {[%emt 0:02:08]} 37. f5 {[%emt 0:05:37]} gxf5 {[%emt 0:00:43]} 38. gxf5 {[%emt 0:00:10]} Rc8 {[%emt 0:01:33]} 39. e6 {[%emt 0:02:01]} fxe6 {[%emt 0:00:20]} 40. f6 {[%emt 0:01:05]} c3 {[%emt 0:00:20]} 41. Be5 {[%emt 0:08:38]} Rc6 {[%emt 0:01:04]} 42. Re7+ {[%emt 0:00:16]} Kd8 {[%emt 0:00:48]} 43. Bc7+ {[%emt 0:00:12]} Rxc7 {[%emt 0:01:35]} 44. Rxc7 {[%emt 0:00:12]} Ke8 {[%emt 0:00:08]} 45. Rxh7 {[%emt 0:00:18]} c2 {[%emt 0:00:57]} 46. Kd2 {[%emt 0:00:10]} Bd3 {[%emt 0:00:07]} 47. Rc7 {[%emt 0:04:24]} Bg6 {[%emt 0:01:58]} 48. h4 {[%emt 0:02:24]} a5 {[%emt 0:00:11]} 49. Rg7 {[%emt 0:00:26]} Bf7 {[%emt 0:00:20]} 50. Kxc2 {[%emt 0:01:13]} a4 {[%emt 0:00:53]} 51. Kb2 {[%emt 0:01:21]} e5 {[%emt 0:01:10]} 52. Rg5 {[%emt 0:01:17]} Be6 {[%emt 0:00:12]} 53. h5 {[%emt 0:01:42]} Kf7 {[%emt 0:00:15]} 54. h6 {[%emt 0:00:12]} 1-0

[Event "49th Rilton Cup 2019-20"]
[Site "Stockholm"]
[Date "2020.01.03"]
[Round "7.13"]
[White "Dragicevic, Drazen"]
[Black "Leenhouts, Koen"]
[Result "1/2-1/2"]
[WhiteElo "2294"]
[BlackElo "2415"]
[Annotator "TA"]
[PlyCount "125"]
[EventDate "2019.12.27"]
[EventType "swiss"]
[EventCountry "SWE"]
[SourceTitle "playchess.com"]
[Source "ChessBase"]
[SourceQuality "1"]

{[%evp 12,125,5,0,0,0,0,-2,-8,0,0,-3,3,0,0,-13,-8,-70,-59,-66,-17,-31,-17,-16,-29,-28,-28,-32,-38,-37,-28,-35,-20,-33,0,-35,-38,-61,-54,-100,-58,-100,-102,-93,-22,-79,-80,-82,-40,-40,119,0,164,162,161,116,120,65,64,50,63,14,14,14,27,0,79,0,47,80,75,22,19,12,47,51,45,44,44,11,25,4,2,10,35,33,36,29,30,31,34,27,48,48,52,12,91,89,93,78,92,18,27,8,8,0,0,0,0,0,0,0,0,0,0,0]} 1. d4 Nf6 2. Nf3 g6 3. g3 Bg7 4. Bg2 O-O 5. O-O d5 6. Bf4 c6 7. Qc1 Bg4 {D02: 1 d4 d5 2 Nf3 sidelines, including 2...Nf6 3 g3 and 2...Nf6 3 Bf4} 8. h3 $146 ({Predecessor:} 8. Rd1 Nbd7 9. h3 Bxf3 {½-½ (10) Pigusov,E (2575)-Ibragimov,I (2590) Maikop 1998}) 8... Bxf3 9. Bxf3 Nbd7 10. Rd1 Re8 11. c4 Qb6 12. Bg2 e5 13. dxe5 Nxe5 14. c5 (14. Nd2 $11) 14... Qa5 $15 15. Nd2 Rad8 16. Nb3 Qc7 17. Nd4 Nh5 18. Bg5 f6 19. Bh6 Bxh6 20. Qxh6 f5 21. Qc1 Nf6 22. b4 Nc4 23. Rb1 Ne4 24. Rd3 Rd7 25. h4 Ne5 26. Ra3 a6 $1 27. Qf4 Nc4 (27... Rf7 $17) 28. Rd3 (28. Qxc7 $11 Rxc7 29. Rd3) 28... Qd8 $17 29. a4 Qf6 30. f3 a5 $2 (30... Kh8 $15 {stays ahead.}) 31. Nxf5 (31. fxe4 $16 dxe4 32. Nf3 {[%mdl 64] Pin} exd3 33. Qxc4+ {[%mdl 64] Double Attack} Qf7 34. Qxf7+ (34. exd3 Qxc4 35. dxc4 axb4 $11) 34... Kxf7 35. exd3) 31... gxf5 $2 (31... Ned2 $1 $11 {and Black stays safe.} 32. Rxd2 gxf5) 32. fxe4 $18 Ne5 33. Rdd1 dxe4 {[#]} 34. Rxd7 ({White should play} 34. Bxe4 $1 $16 {[%mdl 512]} Rxd1+ (34... fxe4 35. Qxf6) 35. Rxd1) 34... Nxd7 $14 35. Rd1 Nf8 36. bxa5 Ne6 {[%mdl 64] Double Attack} 37. Qe3 Qe5 38. Bh3 Rf8 {[#]} (38... Kh8 $11 {keeps the balance.}) 39. Rb1 (39. Rd7 $1 $16) 39... Qxc5 (39... Rf7 {is more complex.} 40. Kh2 Kg7 41. a6 bxa6 42. Rb6 f4) 40. Qxc5 Nxc5 $11 {[%mdl 4096] Endgame KRB-KRN} 41. a6 (41. Kf2 $16) 41... bxa6 42. a5 Rf6 43. Rf1 Nb3 44. Bxf5 Kg7 45. g4 c5 46. Rd1 Nd4 47. Bxe4 Nxe2+ 48. Kg2 Nd4 49. Rb1 Rf4 50. Rb7+ Kf8 51. Bxh7 Rxg4+ {[%mdl 64] Double Attack} 52. Kh3 Rf4 53. h5 Rf7 {[#]} (53... Nf5 $11) 54. Rb8+ $1 $16 Kg7 55. Bg6 Rc7 56. Kg4 ({White should try} 56. Rb6 $16) 56... c4 57. Rd8 Nc6 $1 {[%cal Rc6d8] The position is equal.} 58. Rd6 Ne5+ 59. Kg5 {Strongly threatening h6+.} Nxg6 60. Rxg6+ Kh7 {White must now prevent ...c3.} 61. Rh6+ ({Avoid the trap} 61. Rxa6 $2 c3 $19) 61... Kg8 {aiming for ...c3.} 62. Rg6+ ({Wrong is} 62. Rxa6 $2 c3 $19) 62... Kh7 {Threatens to win with ...c3.} 63. Rh6+ {Accuracy: White = 42%, Black = 59%.} ({Not} 63. Rxa6 $2 c3 $19) 1/2-1/2